| 000 | 00472nam a2200181 i 4500 | ||
|---|---|---|---|
| 001 | 129334 | ||
| 003 | ES-MaACL | ||
| 005 | 20230906193500.0 | ||
| 007 | t| | ||
| 008 | 070612s1920 sp ||||1| spa d | ||
| 080 | _a173.1 | ||
| 080 | _a266.5 | ||
| 100 | 1 |
_aTettamanzi, Dionigi. _9109845 |
|
| 245 | 1 | 0 |
_aMatrimonio y apostolado / _cDionisio Tettamanzi. |
| 260 |
_aBilbao : _bMensajero, _c1967. |
||
| 300 |
_a124 p. ; _c19 cm. |
||
| 852 |
_aES-MaACL _jC-32894 _bR.63757 |
||
| 999 |
_c129334 _d129334 |
||